Loading...
| History - World | 0 | 5 | 0 | 3 | 50 | 47 | 112.60 | 0 | 1 | 0.00 | 0.00 |
| History - European | 0 | 4 | 0 | 1 | 40 | 60 | 83.00 | 0 | 1 | 0.00 | 0.00 |
| Mythology | 0 | 4 | 0 | 1 | 40 | 92 | 96.75 | 0 | 0 | 0.00 | 0.00 |
| History - Other | 0 | 4 | 0 | 0 | 40 | 56 | 77.00 | 0 | 2 | 0.00 | 0.00 |
| Religion | 0 | 2 | 0 | 1 | 20 | 98 | 114.00 | 0 | 2 | 0.00 | 0.00 |
| Literature - British | 0 | 2 | 0 | 0 | 20 | 128 | 131.50 | 0 | 0 | 0.00 | 0.00 |
| Fine Arts - Other | 0 | 1 | 0 | 0 | 10 | 146 | 146.00 | 0 | 0 | 0.00 | 0.00 |
| Fine Arts - Painting and Sculpture | 0 | 1 | 0 | 0 | 10 | 81 | 81.00 | 0 | 1 | 0.00 | 0.00 |
| Literature - World | 0 | 1 | 0 | 1 | 10 | 121 | 121.00 | 0 | 0 | 0.00 | 0.00 |
| Science - Other | 0 | 1 | 0 | 0 | 10 | 28 | 28.00 | 1 | 1 | 0.00 | 0.00 |
| Science - Physics | 0 | 1 | 0 | 0 | 10 | 102 | 102.00 | 0 | 0 | 0.00 | 0.00 |
| Literature - European | 0 | 0 | 0 | 0 | 0 | 0.00 | 0 | 0 | 0.00 | 0.00 | |
| Science - Chemistry | 0 | 0 | 1 | 0 | -5 | 0.00 | 0 | 0 | 0.00 | 0.00 |